000 00962cam a22002897a 4500
003 CHAP
005 20220329140636.0
008 971013s1962 r 00010 d
010 _a55214
011 _a56186
035 _a60339
040 _cCHAP
082 _a630.5
_bY4 1962
110 _aYearbook of Agriculture.
_d1962
_9123052
245 0 _aAfter a hundred years
260 _aWashington :
_bGoverment Printing Office,
_c1962
300 _a688 p.
_b: ilus.
590 _aBATCH-UPD
_b10
_c20130110
_lUCH01
_h2113
590 _aCONVERSION
_b10
_c20130109
_lUCH01
_h1330
650 1 4 _aAgricultura
_xHistoria
_xE.U.A.
_91513
710 0 _aE.U.A. Department of Agriculture.
_934876
901 _aBK
942 _cLIBRO
949 _a630.5 Y4 1962
_bBC
_cC
_d33724000505814
_eC
_h19637
_i60339
_si
949 _a630.5 Y4 1962
_bBC
_cLIBRO
_d33724000030656
_eLIBRO
_fc.2
_h19508
_i60339
_si
949 _a630.5 Y4 1962
_bBC
_cLIBRO
_d33724000030664
_eLIBRO
_fc.3
_h51758
_i60339
_si
999 _c55214
_d55214